| 000 | 00976cam a22003017a 4500 | ||
|---|---|---|---|
| 003 | CHAP | ||
| 005 | 20220902145026.0 | ||
| 008 | 971013s1967 r 00010 d | ||
| 010 | _a51413 | ||
| 011 | _a52385 | ||
| 035 | _a56535 | ||
| 040 | _cCHAP | ||
| 090 | _aTesis | ||
| 100 | 0 | 0 |
_aFernández Esquivel, Rosa María. _940175 |
| 245 | 1 | 4 |
_aLas publicaciones oficiales de México _b: guía de publicaciones periódicas y seriadas, 1937-1967 |
| 260 |
_aMéxico, D. F. : _bEl autor, _c1967 |
||
| 300 | _a269 p. | ||
| 502 | _aTesis (Lic. en Biblioteconomía) -- UNAM. Facultad de Filosofía y letras. | ||
| 590 |
_aALEPH _b10 _c20130110 |
||
| 590 |
_aBATCH-UPD _b10 _c20130110 |
||
| 590 |
_aBATCH-UPD _b10 _c20130410 |
||
| 590 |
_aBATCH-UPD _b10 _c20130914 |
||
| 590 |
_aCONVERSION _b10 _c20130109 |
||
| 650 | 1 | 4 |
_aPublicaciones oficiales _xMéxico. _992711 |
| 650 | 1 | 4 |
_aPublicaciones periódicas mexicanas. _992728 |
| 901 | _aBK | ||
| 949 |
_bBC _cB _d-123466 _eB _i56535 _si |
||
| 999 |
_c51413 _d51413 |
||